[Event "Subcarpathian-chT"]
[Site "Bystre"]
[Date "2021.06.13"]
[Round "8.7"]
[White "Lach, Ireneusz"]
[Black "Fistek, Dariusz"]
[Result "1/2-1/2"]
[WhiteElo "1852"]
[BlackElo "2178"]
[PlyCount "68"]
[EventDate "2021.06.09"]
[EventType "team-tourn"]
[EventRounds "9"]
[EventCountry "POL"]
[SourceTitle "EXT 2022"]
[Source "ChessBase"]
[SourceDate "2021.10.06"]
[SourceVersion "1"]
[SourceVersionDate "2021.10.06"]
[SourceQuality "1"]

1. e4 c5 2. Nf3 d6 3. d4 cxd4 4. Nxd4 Nf6 5. Nc3 Nc6 6. Be2 e5 7. Nxc6 bxc6 8. 0-0 Be7 9. Kh1 0-0 10. f4 Qb6 11. fxe5 dxe5 12. Qe1 Be6 13. Qg3 Qc7 14. Bg5 Kh8 15. Qh4 Ng8 16. Bg4 Bxg5 17. Qxg5 f6 18. Qh4 Qc8 19. Bxe6 Qxe6 20. Qf2 Qc4 21. Rfd1 Rf7 22. Qe3 Nh6 23. b3 Qb4 24. a3 Qa5 25. h3 Rc7 26. Na4 Nf7 27. Rd3 Rd8 28. Rad1 Rxd3 29. Qxd3 h6 30. Qc4 Qb5 31. Qd3 Kg8 32. Nb2 Qxd3 33. Rxd3 Kf8 34. Na4 Ke7 1/2-1/2

[Event "Subcarpathian-chT"]
[Site "Bystre"]
[Date "2021.06.12"]
[Round "7.19"]
[White "Korys, Dawid"]
[Black "Lach, Ireneusz"]
[Result "0-1"]
[WhiteElo "1340"]
[BlackElo "1852"]
[PlyCount "64"]
[EventDate "2021.06.09"]
[EventType "team-tourn"]
[EventRounds "9"]
[EventCountry "POL"]
[SourceTitle "EXT 2022"]
[Source "ChessBase"]
[SourceDate "2021.10.06"]
[SourceVersion "1"]
[SourceVersionDate "2021.10.06"]
[SourceQuality "1"]

1. d4 Nf6 2. Nf3 d6 3. Bf4 Nbd7 4. e3 g6 5. Bd3 Bg7 6. h3 0-0 7. Nbd2 Re8 8. e4 e5 9. dxe5 dxe5 10. Be3 Qe7 11. 0-0 Nc5 12. Bxc5 Qxc5 13. Qe2 Nh5 14. Qe3 Qe7 15. Bc4 h6 16. Ne1 Nf4 17. Nd3 Nxd3 18. cxd3 c6 19. f4 exf4 20. Rxf4 Be6 21. Raf1 Rf8 22. e5 Bxc4 23. Nxc4 b5 24. Nd6 Qxe5 25. Ne4 f5 26. Qg3 fxe4 27. Rxf8+ Rxf8 28. Rxf8+ Kxf8 29. Qf2+ Qf5 30. Qxa7 exd3 31. Qb8+ Kf7 32. Qc7+ Kg8 0-1

[Event "Krakow-ch rapid"]
[Site "Krakow"]
[Date "2018.06.17"]
[Round "8"]
[White "Lach, Ireneusz"]
[Black "Lewicki, Miroslaw"]
[Result "0-1"]
[WhiteElo "1904"]
[BlackElo "2361"]
[PlyCount "82"]
[EventDate "2018.06.16"]
[EventType "swiss (rapid)"]
[EventRounds "9"]
[EventCountry "POL"]
[SourceTitle "CBM 184 Extra"]
[Source "ChessBase"]
[SourceDate "2018.06.28"]
[SourceVersion "1"]
[SourceVersionDate "2018.06.28"]
[SourceQuality "1"]

1. Nf3 b6 2. g3 Bb7 3. Bg2 g6 4. 0-0 Bg7 5. d3 e6 6. c3 Ne7 7. Nbd2 d6 8. Qc2 Nd7 9. b3 a6 10. Bb2 h6 11. c4 0-0 12. Bxg7 Kxg7 13. e3 c5 14. d4 Qc7 15. Rad1 Rad8 16. Qb2 Kg8 17. Rfe1 b5 18. Nh4 Bxg2 19. Nxg2 d5 20. Rc1 dxc4 21. bxc4 b4 22. Nf4 a5 23. Nf3 Qc6 24. e4 cxd4 25. Nxd4 Qa6 26. Nf3 Nc5 27. Qf6 Qb7 28. Qh4 Kg7 29. Ne5 Qc7 30. Ng4 Ng8 31. e5 Qe7 32. Qh3 Rd2 33. Red1 Rfd8 34. Rxd2 Rxd2 35. Ng2 Qd8 36. N2e3 Rxa2 37. Qg2 h5 38. Nf6 Nxf6 39. exf6+ Qxf6 40. Rf1 b3 41. Qc6 Nd3 0-1

[Event "Krakow-ch rapid"]
[Site "Krakow"]
[Date "2018.06.17"]
[Round "7"]
[White "Lach, Tomasz"]
[Black "Lach, Ireneusz"]
[Result "1/2-1/2"]
[WhiteElo "1779"]
[BlackElo "1904"]
[PlyCount "52"]
[EventDate "2018.06.16"]
[EventType "swiss (rapid)"]
[EventRounds "9"]
[EventCountry "POL"]
[SourceTitle "CBM 184 Extra"]
[Source "ChessBase"]
[SourceDate "2018.06.28"]
[SourceVersion "1"]
[SourceVersionDate "2018.06.28"]
[SourceQuality "1"]

1. d4 d5 2. c4 e6 3. Nc3 Nf6 4. Bg5 Be7 5. e3 Nbd7 6. cxd5 exd5 7. Bd3 h6 8. Bh4 c6 9. Nf3 0-0 10. 0-0 Re8 11. Rb1 Nh7 12. Bg3 Ng5 13. Nxg5 Bxg5 14. h3 Be7 15. Bf5 Nf6 16. Bxc8 Rxc8 17. Bh4 Nh7 18. Bxe7 Qxe7 19. b4 a6 20. a4 Nf6 21. Qc2 Ne4 22. Nxe4 Qxe4 23. Qxe4 dxe4 24. b5 axb5 25. axb5 c5 26. Rfd1 b6 1/2-1/2

[Event "Krakow-ch rapid"]
[Site "Krakow"]
[Date "2018.06.16"]
[Round "4"]
[White "Lach, Ireneusz"]
[Black "Mikula, Michal"]
[Result "1-0"]
[WhiteElo "1904"]
[BlackElo "1803"]
[PlyCount "115"]
[EventDate "2018.06.16"]
[EventType "swiss (rapid)"]
[EventRounds "9"]
[EventCountry "POL"]
[SourceTitle "CBM 184 Extra"]
[Source "ChessBase"]
[SourceDate "2018.06.28"]
[SourceVersion "1"]
[SourceVersionDate "2018.06.28"]
[SourceQuality "1"]

1. e4 d5 2. Nc3 d4 3. Nce2 e5 4. d3 c5 5. g3 Nc6 6. Bg2 Bg4 7. h3 Be6 8. Nf3 h6 9. 0-0 Nf6 10. Nd2 Qd7 11. Kh2 Be7 12. b3 Qc7 13. a4 Nd7 14. Nc4 Na5 15. Bd2 Nxc4 16. bxc4 0-0 17. Qc1 a6 18. a5 b5 19. axb6 Qxb6 20. f4 f6 21. Qa3 Qc6 22. Rfb1 Ra7 23. f5 Bf7 24. g4 Rfa8 25. h4 Bd8 26. Bf3 Nf8 27. Rg1 Nh7 28. Kg2 a5 29. Kf2 a4 30. Rgb1 Ba5 31. Bxa5 Rxa5 32. Rb2 Nf8 33. Rab1 Nd7 34. Rg1 Rb8 35. Rxb8+ Nxb8 36. g5 hxg5 37. hxg5 fxg5 38. Rxg5 Na6 39. Nc1 Qh6 40. Rg2 Qd2+ 41. Kg3 Qb4 42. Qa1 a3 43. Nb3 Ra4 44. Qg1 Qb7 45. Kf2 Be8 46. f6 g6 47. Rxg6+ Bxg6 48. Qxg6+ Kf8 49. Bh5 Qd7 50. Qh6+ Kg8 51. f7+ Qxf7+ 52. Bxf7+ Kxf7 53. Qc6 Ra5 54. Nxa5 a2 55. Nb3 Nb4 56. Qxc5 Nxc2 57. Qxe5 Ne3 58. Qxd4 1-0

[Event "POL-chT3 Podkarpackie"]
[Site "Czudec"]
[Date "2016.06.19"]
[Round "9.25"]
[White "Lewtak, Damian"]
[Black "Lach, Ireneusz"]
[Result "1-0"]
[WhiteElo "2323"]
[BlackElo "1984"]
[PlyCount "91"]
[EventDate "2016.05.27"]
[EventType "team-tourn"]
[EventRounds "9"]
[EventCountry "POL"]
[SourceTitle "EXT 2018"]
[Source "ChessBase"]
[SourceDate "2017.10.13"]
[SourceVersion "1"]
[SourceVersionDate "2017.10.13"]
[SourceQuality "1"]
[WhiteTeam "Czarna LKSz GCKiP"]
[BlackTeam "Bystrowice"]
[WhiteTeamCountry "POL"]
[BlackTeamCountry "POL"]

1. e4 c5 2. Nf3 d6 3. d4 cxd4 4. Qxd4 Nc6 5. Bb5 Bd7 6. Bxc6 Bxc6 7. Nc3 Nf6 8. Bg5 Nd7 9. 0-0-0 Qa5 10. Qe3 h6 11. Bf4 g5 12. Bg3 Bg7 13. Nd4 Rc8 14. Kb1 Qc5 15. Rd3 Ne5 16. Bxe5 Bxe5 17. g3 Bxd4 18. Rxd4 e5 19. Rd3 Qxe3 20. Rxe3 Ke7 21. b4 a6 22. Rd1 Rhd8 23. Kb2 Ke6 24. Red3 Rd7 25. g4 Rh8 26. a4 b6 27. f3 Bb7 28. R1d2 h5 29. h3 hxg4 30. hxg4 f6 31. Kb3 Rh1 32. Kb2 Rf1 33. Nd1 Bc6 34. Kb3 b5 35. axb5 axb5 36. c4 bxc4+ 37. Kxc4 Rh1 38. Nc3 Rc1 39. b5 Bb7 40. Kb4 Ke7 41. Rd1 Rxd1 42. Rxd1 Ke6 43. b6 Bc6 44. Nb5 Rd8 45. Rc1 Bxb5 46. Kxb5 1-0

[Event "POL-chT 2nd League"]
[Site "Ustron"]
[Date "2008.09.14"]
[Round "8.85"]
[White "Duch, Mariusz"]
[Black "Lach, Ireneusz"]
[Result "1/2-1/2"]
[WhiteElo "2269"]
[BlackElo "1999"]
[PlyCount "82"]
[EventDate "2008.09.06"]
[EventType "team-swiss"]
[EventRounds "9"]
[EventCountry "POL"]
[SourceTitle "EXT 2015"]
[Source "ChessBase"]
[SourceDate "2014.11.20"]
[SourceVersion "1"]
[SourceVersionDate "2014.11.20"]
[SourceQuality "1"]
[WhiteTeam "Gostynin Gostmat 83"]
[BlackTeam "Kosienice LKS"]
[WhiteTeamCountry "POL"]
[BlackTeamCountry "POL"]

1. d4 Nf6 2. c4 e6 3. g3 Be7 4. Bg2 0-0 5. Nf3 d6 6. 0-0 Nbd7 7. Nc3 c6 8. e4 e5 9. h3 Re8 10. Be3 Qc7 11. Rb1 a6 12. b4 b6 13. Qb3 Rb8 14. d5 c5 15. a3 Rf8 16. Nd2 Nh5 17. Kh2 Qd8 18. Qd1 g6 19. Bh6 Ng7 20. f4 f5 21. Nf3 cxb4 22. axb4 Bf6 23. Qd2 Re8 24. Rbe1 Qc7 25. Bxg7 Bxg7 26. exf5 gxf5 27. fxe5 Nxe5 28. Nxe5 Rxe5 29. Rxe5 Bxe5 30. Ne2 Qg7 31. Qd3 a5 32. Rb1 Ra8 33. Qa3 Qc7 34. c5 bxc5 35. bxc5 Ba6 36. cxd6 Bxd6 37. Qe3 Bxe2 38. Qxe2 Bxg3+ 39. Kh1 Qe5 40. Qc2 Rf8 41. Rf1 f4 1/2-1/2

[Event "POL-chT 2nd League"]
[Site "Ustron"]
[Date "2008.09.10"]
[Round "4.92"]
[White "Lach, Ireneusz"]
[Black "Mackowiak, Marek"]
[Result "1/2-1/2"]
[WhiteElo "1999"]
[BlackElo "2197"]
[PlyCount "61"]
[EventDate "2008.09.06"]
[EventType "team-swiss"]
[EventRounds "9"]
[EventCountry "POL"]
[SourceTitle "EXT 2015"]
[Source "ChessBase"]
[SourceDate "2014.11.20"]
[SourceVersion "1"]
[SourceVersionDate "2014.11.20"]
[SourceQuality "1"]
[WhiteTeam "Kosienice LKS"]
[BlackTeam "Poznan Komandoria"]
[WhiteTeamCountry "POL"]
[BlackTeamCountry "POL"]

1. d4 d5 2. Nf3 Nf6 3. c4 c6 4. Nc3 e6 5. e3 Be7 6. Bd3 dxc4 7. Bxc4 0-0 8. 0-0 a6 9. Qe2 b5 10. Bd3 Nbd7 11. e4 b4 12. Nd1 Re8 13. Ne3 Nf8 14. e5 Nd5 15. Nc4 a5 16. Bd2 Ba6 17. Rfd1 Rc8 18. Rac1 Ng6 19. g3 c5 20. dxc5 Rxc5 21. h4 Qc7 22. h5 Nf8 23. b3 Rc8 24. Qe4 f5 25. exf6 Nxf6 26. Qe2 Nd5 27. Nd4 Qd7 28. Re1 Bxc4 29. Bxc4 Kf7 30. Nf3 Bf6 31. Ne5+ 1/2-1/2

[Event "POL-chT 2nd League"]
[Site "Ustron"]
[Date "2008.09.08"]
[Round "3.80"]
[White "Bardeli, Lukasz"]
[Black "Lach, Ireneusz"]
[Result "1-0"]
[WhiteElo "2317"]
[BlackElo "1999"]
[PlyCount "69"]
[EventDate "2008.09.06"]
[EventType "team-swiss"]
[EventRounds "9"]
[EventCountry "POL"]
[SourceTitle "EXT 2015"]
[Source "ChessBase"]
[SourceDate "2014.11.20"]
[SourceVersion "1"]
[SourceVersionDate "2014.11.20"]
[SourceQuality "1"]
[WhiteTeam "Gniezno LKS Chrobry"]
[BlackTeam "Kosienice LKS"]
[WhiteTeamCountry "POL"]
[BlackTeamCountry "POL"]

1. Nf3 Nf6 2. c4 e6 3. g3 b6 4. Bg2 Bb7 5. 0-0 Be7 6. b3 0-0 7. Bb2 d6 8. Nc3 Nbd7 9. Qc2 c5 10. e4 e5 11. Ne1 Nb8 12. Nd5 Nc6 13. f4 Nxd5 14. exd5 Nd4 15. Bxd4 exd4 16. Be4 h6 17. Nf3 Bc8 18. f5 Bf6 19. Rab1 a5 20. h4 Re8 21. d3 Bd7 22. Qh2 b5 23. g4 Be7 24. Rb2 bxc4 25. bxc4 Rb8 26. Rg2 Rb6 27. g5 h5 28. f6 Bf8 29. g6 Rxe4 30. gxf7+ Kh8 31. fxg7+ Bxg7 32. dxe4 Bg4 33. Ng5 Bf8 34. Qf4 Qe7 35. Rxg4 1-0

[Event "POL-chT 2nd div South"]
[Site "Polanica Zdroj"]
[Date "1999.??.??"]
[Round "6"]
[White "Lach, Ireneusz"]
[Black "Betkowski, Andrzej"]
[Result "1/2-1/2"]
[WhiteElo "2093"]
[BlackElo "2211"]
[PlyCount "40"]
[EventDate "1999.09.17"]
[EventType "team-swiss"]
[EventRounds "10"]
[EventCountry "POL"]
[SourceTitle "EXT 2001"]
[Source "ChessBase"]
[SourceDate "2000.11.22"]
[SourceVersion "1"]
[SourceVersionDate "2000.11.22"]
[SourceQuality "1"]
[WhiteTeam "POL-chT 2nd div South 20"]
[BlackTeam "POL-chT 2nd div South 08"]
[WhiteTeamCountry "POL"]
[BlackTeamCountry "POL"]

1. d4 e6 2. Nf3 f5 3. e3 Nf6 4. Be2 Be7 5. 0-0 0-0 6. c4 d6 7. Qb3 Qe8 8. Nc3 c6 9. Qc2 Nbd7 10. Ng5 Bd8 11. b3 Ng4 12. Nh3 e5 13. d5 Qg6 14. dxc6 bxc6 15. f3 Nh6 16. Nf2 Bb6 17. Na4 Bc7 18. Ba3 Nf7 19. Rad1 Bb7 20. e4 fxe4 1/2-1/2